Escribir es ver (Record no. 174941)

MARC details
000 -LEADER
campo de control de longitud fija 00693nam a2200217 4500
001 - NÚMERO DE CONTROL
campo de control 174941
003 - IDENTIFICADOR DE NÚMERO DE CONTROL
campo de control ES-MaACL
005 - FECHA Y HORA DE LA ÚLTIMA TRANSACCIÓN
campo de control 20251108164954.0
008 - DATOS DE LONGITUD FIJA--INFORMACIÓN GENERAL
campo de control de longitud fija 100726s2006 no af |||| |bspa d
020 ## - NÚMERO INTERNACIONAL ESTÁNDAR DEL LIBRO
Número Internacional Estándar del Libro 82-91615-09-8
080 ## - NÚMERO DE LA CLASIFICACIÓN DECIMAL UNIVERSAL
Número de la Clasificación Decimal Universal 821.113.5 Ibsen, Henrik (060.64)
245 00 - MENCIÓN DEL TÍTULO
Título Escribir es ver
Resto del título : Ibsen contemporáneo : [exposición].
246 3# - FORMA VARIANTE DEL TITULO
Título propio/Titulo breve Ibsen 2006
260 ## - PUBLICACIÓN, DISTRIBUCIÓN, ETC.
Lugar de publicación, distribución, etc. [Oslo] :
Nombre del editor, distribuidor, etc. Norsk Folkemuseum :
-- Ibsenmuseet,
Fecha de publicación, distribución, etc. 2006.
300 ## - DESCRIPCIÓN FÍSICA
Extensión 26 p. :
Otras características físicas il. col. ;
Dimensiones 20 x 20 cm.
600 17 - PUNTO DE ACCESO ADICIONAL DE MATERIA--NOMBRE DE PERSONA
Nombre de persona Ibsen, Henrik,
Fechas asociadas al nombre 1828-1906-
Subdivisión de forma Exposiciones
Fuente del encabezamiento o término
9 (RLIN) 143250
655 #7 - TERMINO DE INDIZACIÓN--GENERO/FORMA
Fuente del término tgfbne
9 (RLIN) 193628
Datos o término principal de género/forma Catálogos de exposiciones
852 ## - LOCALIZACIÓN
Ubicación ES-MaACL
Número de control de estantería 2281-F-1
942 ## - ELEMENTOS DE ENTRADA SECUNDARIOS (KOHA)
Fuente del sistema de clasificación o colocación Clasificación decimal universal
Holdings
Estatus retirado Estado de pérdida Estado de daño No para préstamo Colección Biblioteca de origen Biblioteca actual Ubicación en estantería Fecha de adquisición Fuente de adquisición Total de préstamos Signatura topográfica completa Código de barras Visto por última vez Precio de reemplazo Tipo de ítem Koha
        Colección de folletos Biblioteca del Ateneo de Madrid Biblioteca del Ateneo de Madrid Depósito folletos 26/07/2010     2281-F-1 1183678 23/02/2023 23/02/2023 Folleto